000 00413nam a2200181Ia 4500
001 1711
005 20260306143748.0
008 260306t2014||||xx |||||||||||||| ||spa||
041 _aESP
082 _a155.2
_bF35
100 _aFeist, Jess
_eAUT
245 0 _aTeorías de la personalidad
260 _c2014
300 _a399 páginas :
_c27 cm.
650 _aGEN
654 _aCPS
942 _cLIB
_dJUS
_fJUS
_2ddc
_n
999 _c1711
_d1711